Good Guys And Bad Guys (Record no. 329026)

MARC details
000 -LEADER
fixed length control field 00546nam a2200169Ia 4500
008 - FIXED-LENGTH DATA ELEMENTS--GENERAL INFORMATION
fixed length control field 230718s9999 xx 000 0 und d
020 ## - INTERNATIONAL STANDARD BOOK NUMBER
International Standard Book Number 9781591844396
041 ## - LANGUAGE CODE
Language code of text/sound track or separate title eng
082 ## - DEWEY DECIMAL CLASSIFICATION NUMBER
Classification number 338.092'273
Item number NOC
100 ## - MAIN ENTRY--PERSONAL NAME
Personal name Nocera J.
9 (RLIN) 106776
245 ## - TITLE STATEMENT
Title Good Guys And Bad Guys
Remainder of title Behind The Scenes With The Saints And Scoundrels Of American Business (And Everything In Between)
260 ## - PUBLICATION, DISTRIBUTION, ETC. (IMPRINT)
Date of publication, distribution, etc. 2011
Name of publisher, distributor, etc. Portfolio
300 ## - PHYSICAL DESCRIPTION
Extent 222
365 ## - TRADE PRICE
Currency code Rs.
Price amount 499.00
700 ## - ADDED ENTRY--PERSONAL NAME
Personal name Nocera J.
9 (RLIN) 106776
906 ## - LOCAL DATA ELEMENT F, LDF (RLIN)
d O:0221203-Nov-2011B:695813-Oct-2011
c GENRL
b 124.75
Holdings
Withdrawn status Lost status Damaged status Not for loan Home library Current library Date acquired Vendor Budget Code Cost, normal purchase price Bill number Total Checkouts Full call number Barcode Date last seen Discount Cost, replacement price Bill Date Koha item type Original Barcode
        Cummins College of Engineering for Women Pune Cummins College of Engineering for Women Pune 03/11/2011 Technical Book Services GENRL 374.25 6958   338.092'273 CCEP-BK-40233 18/07/2023 124.75 499.00 13/10/2011 Books 040233